Introduction to Biomedical Engineering /

Gardado en:
Detalles Bibliográficos
Autor Principal: Enderle, John D. (autor)
Outros autores: Blanchard, Susan M. (autor) (autor), Bronzino, Joseph D. (autor) (autor)
Formato: Libro
Idioma:inglés
Publicado: San Diego, EUA : Academic Press, 2000, c2000
Series:(Academic Press Series in Biomedical Engineering)
Temas:
Etiquetas: Engadir etiqueta
Sen Etiquetas, Sexa o primeiro en etiquetar este rexistro!

MARC

LEADER 00000nam^a2200000^a^4500
001 000152717
005 20250521000000.0
009 20260310100255.302
020 |a 0-12-238660-4 
037 |a Acervo ITESO - Biblioteca 
041 |a ING 
082 |a 610. 28  |b END 
100 |a Enderle, John D.  |e (autor) 
245 1 0 |a Introduction to Biomedical Engineering /  |c J.D. Enderle, S.M. Blanchard, J.D. Bronzino. 
264 4 |a San Diego, EUA :  |b Academic Press,  |c 2000, c2000 
300 |a XV, 1062 p. 
336 |a texto  |b txt  |2 rdacontenido 
337 |a sin mediación  |b n  |2 rdamedio 
338 |a volumen  |b nc  |2 rdasoporte 
440 1 |a (Academic Press Series in Biomedical Engineering) 
649 |a XX 
650 |a Láser 
650 |a Ultrasonido 
650 |a Sensores 
650 |a Biotecnología 
650 |a Optica 
650 |a Biomecánica 
650 |a Biología 
650 |a Anatomía 
650 |a Fisiología 
650 |a Medicina -  |x Aspectos Eticos 
650 |a Medicina -  |x Aspectos Tecnológicos 
650 |a Electrónica Médica 
650 |a Ingeniería Biomédica -  |x Equipo y Aparatos 
650 |a Ingeniería Biomédica 
700 |a Blanchard, Susan M.  |e (autor) 
700 |a Bronzino, Joseph D.  |e (autor) 
910 |a Fondo General 
920 |a Impresos - Libros 
930 |a Colección General 
905 |a 101 
901 |a 0500081963  |b IT1  |c ACC  |u 20250521 
902 |a https://opac.biblio.iteso.mx/vufind/Record/000152717